00680nam a2200241 a 4500001001300000003000900013005001700022008004100039020001000080082001400090100001800104245002600122260003800148300000900186500003500195505003300230650001300263700001800276902000800294942000700302952011400309999001500423nice12345678IN_TiNIC20260116011514.0050524s1961 newa grp 000 0 eng  ac10000a200bBRO2 aBrowne, Lewis aThis Believing World. aNew YorkbMacmillan Companyc1961 a347p aincludes index and biblioraphy2 aIndex, Bibliography and Maps aReligion1 aBrowne, Lewis bSRS cBK 001040708StackRoom-aHMIbHMId2008-05-26g100.00l0o200 BRO2p04178r2008-05-26v100.00w2005-05-24yBK c2123d2123